000 00503nam a22001457a 4500
999 _c522246
_d522246
008 230320b ||||| |||| 00| 0 eng d
100 _aMoyna, M. Suchitra
_939116
245 _aA million opportunities lost: Every village in the country has more water harvesting structure than elected panchyat
260 _aDown to Earth
300 _a16-31 Dec, 2022: p.40-40
650 _aVillage, Water harvesting structure
_939117
773 _aDown to Earth
906 _aWATER HARVESTING
942 _cAR